00593nam a2200145Ia 4500008004100000245016500041260004500206260000900251300000900260500001000269650001300279856006300292999001900355952007300374170516s9999 xx 000 0 und d 4aThe 4th Euro-Mediterranean Conference of Natural Products and Drug Discovery: Back to Mother Nature (BioNat-IV), Cairo/Sharm El-Sheikh, Egypt, March 3–7, 2015 bAsian Journal of Pharmaceutical Sciences c2016 a11:2 aApril xPharmacy uhttp://www.sciencedirect.com/science/journal/18180876/11/2 c331927d331927 001040aCLbCLd2017-05-16l0r2017-05-16 00:00:00w2017-05-16yFOJ